[Event "Outdoor Exhibition Match"]
[Site "Bergen"]
[Date "2004.08.06"]
[Round "1.1"]
[White "Carlsen, Magnus"]
[Black "Agdestein, Simen"]
[Result "0-1"]
[WhiteElo "2567"]
[BlackElo "2614"]
[PlyCount "208"]
[EventDate "2004.08.06"]
[EventType "match"]
[EventRounds "2"]
[EventCountry "NOR"]
[SourceTitle "EXT 2023"]
[Source "ChessBase"]
[SourceDate "2022.10.05"]
[SourceVersion "1"]
[SourceVersionDate "2022.10.05"]
[SourceQuality "1"]

1. d4 Nf6 2. c4 e6 3. Nc3 Bb4 4. Nf3 O-O 5. Bg5 h6 6. Bh4 c5 7. Rc1 cxd4 8. Nxd4 Qa5 $146 ({RR} 8... d5 9. cxd5 g5 10. Bg3 Nxd5 11. e3 Qa5 12. Qd2 Nc6 13. Bd3 Nxd4 14. exd4 Be7 15. O-O Bf6 16. Be5 Bxe5 17. dxe5 Nf4 18. Rfe1 Rd8 19. Re3 b5 20. b4 Qb6 21. Ne4 Bb7 22. Nd6 Nxg2 23. Rg3 {Kavri,Y (2043)-Glavina,P (2415) chess.com INT 2023 1-0}) ({RR} 8... Nc6 9. e3 b6 10. Ndb5 a6 11. Nd6 Qe7 12. Nde4 g5 13. Nxf6+ Qxf6 14. Bg3 d5 15. h4 g4 16. Qxg4+ Kh8 17. Qg5 Bxc3+ 18. bxc3 Qxf2+ 19. Kxf2 hxg5 20. hxg5+ Kg7 21. cxd5 exd5 22. c4 Be6 23. cxd5 {Aronian,L (2792)-Caruana,F (2804) Leuven 2016 1-0 (34)}) ({RR} 8... Nc6 9. a3 Be7 10. e3 d5 11. cxd5 Nxd4 12. Qxd4 Nxd5 13. Bxe7 Nxe7 14. Rd1 Qxd4 15. Rxd4 e5 16. Rd1 Be6 17. Be2 Bb3 18. Rd7 Nc6 19. Rxb7 Rab8 20. Rxb8 Rxb8 21. Kd2 f5 22. f3 Kf7 23. Kc1 {Voit,D (2345)-Fominykh,M (2136) Moscow RUS 2025 1-0 (58)}) ({RR} 8... Be7 9. e3 d6 10. Be2 Nc6 11. O-O a6 12. Bg3 Bd7 13. Nb3 Ne5 14. c5 Qb8 15. f4 Ng6 16. e4 e5 17. fxe5 Nxe5 18. Bxe5 dxe5 19. Rxf6 Bxf6 20. Qxd7 Bg5 21. Rf1 Be3+ 22. Kh1 Qa7 23. Qd5 {Gonzalez Garcia,J (2522)-Hernandez Carmenates,H (2570) Barbera del Valles 2011 1-0 (33)}) 9. Bxf6 gxf6 10. a3 Be7 11. e3 Qg5 12. Be2 Kh8 13. O-O Rg8 14. Bf3 Nc6 15. Ne4 Qg7 16. Nxc6 dxc6 17. Nd6 Rd8 18. c5 e5 19. Qb3 Bxd6 20. cxd6 Rb8 21. Rfd1 Be6 22. Qa4 f5 23. e4 fxe4 24. Qxe4 f5 25. Qe3 e4 26. Be2 Rd7 27. Bc4 Bxc4 28. Rxc4 Rbd8 29. Rcd4 Kh7 30. b4 Qe5 31. Qd2 Rg8 32. g3 Rg6 33. a4 h5 34. Rc1 Rgxd6 35. Rxd6 Qxd6 36. Qg5 Qg6 37. Qe3 a6 38. Rc5 Qg4 39. Kg2 Rd3 40. h3 Qf3+ 41. Qxf3 exf3+ 42. Kh2 Kg6 43. g4 hxg4 44. hxg4 f4 45. b5 axb5 46. axb5 Rd5 47. Rc4 Rxb5 48. Rxf4 Rb3 49. Kg3 b5 50. Rd4 Kg5 51. Rd6 Rc3 52. Rd4 c5 53. Rd5+ Kf6 54. g5+ Kg6 55. Kf4 Rc4+ 56. Kxf3 b4 57. Ke3 b3 58. Kd3 Rb4 59. Rd6+ Kxg5 60. f4+ Kf5 61. Rd5+ Kxf4 62. Rh5 c4+ 63. Kc3 b2 64. Kxb4 b1=Q+ 65. Kxc4 Qe4+ 66. Kc5 Qe7+ 67. Kb6 Qd8+ 68. Ka6 Qd6+ 69. Kb5 Qd3+ 70. Ka5 Qd2+ 71. Kb6 Qd6+ 72. Kb5 Qd7+ 73. Ka5 Qc7+ 74. Kb4 Ke4 75. Rc5 Qb6+ 76. Rb5 Qd4+ 77. Ka3 Kd3 78. Rb4 Qc5 79. Ka4 Qc6+ 80. Kb3 Qc7 81. Ka4 Qc6+ 82. Ka5 Kc3 83. Rb3+ Kc2 84. Rb6 Qa8+ 85. Kb4 Qd5 86. Rb5 Qd4+ 87. Ka5 Kc3 88. Rb6 Qc5+ 89. Ka6 Kc4 90. Kb7 Qe7+ 91. Ka6 Qa3+ 92. Kb7 Kc5 93. Rc6+ Kd5 94. Rb6 Qe7+ 95. Ka6 Qd7 96. Rb7 Qa4+ 97. Kb6 Kd6 98. Rb8 Qb4+ 99. Ka7 Qa5+ 100. Kb7 Kd7 101. Ra8 Qb5+ 102. Ka7 Kc7 103. Rc8+ Kxc8 104. Ka8 Qa6# 0-1

[Event "EU-Cup 23rd"]
[Site "Kemer"]
[Date "2007.10.06"]
[Round "4.2"]
[White "Carlsen, Magnus"]
[Black "Almasi, Zoltan"]
[Result "1-0"]
[WhiteElo "2714"]
[BlackElo "2691"]
[PlyCount "163"]
[EventDate "2007.10.03"]
[EventType "team-swiss"]
[EventRounds "7"]
[EventCountry "TUR"]
[SourceTitle "CBM 121"]
[Source "ChessBase"]
[SourceDate "2007.11.14"]
[SourceVersion "1"]
[SourceVersionDate "2007.11.14"]
[SourceQuality "1"]
[WhiteTeam "Baden-Baden"]
[BlackTeam "Sarajevo Bosna"]
[WhiteTeamCountry "GER"]
[BlackTeamCountry "BIH"]

1. d4 {Golod,Vitali} Nf6 2. c4 e6 3. Nc3 Bb4 4. Qc2 O-O 5. a3 Bxc3+ 6. Qxc3 b6 7. Nf3 Bb7 8. e3 d6 9. Be2 Nbd7 10. O-O c5 ({RR} 10... Ne4) 11. b4 a5 12. Bb2 Qe7 13. Rfd1 Rfc8 14. dxc5 ({RR} 14. Qb3 Ra7 15. Nd2 Rca8 16. f3 ({RR} 16. bxc5 bxc5) 16... axb4 17. axb4 Bc6 18. Rxa7 Rxa7 19. Ra1 ({RR} 19. b5 Bb7 20. e4 cxd4 21. Bxd4 e5 22. Bf2 Nc5 23. Qc3 Nh5) 19... Rxa1+ 20. Bxa1 Qd8 21. Qa3 ({RR} 21. e4 e5) 21... Ne8 ({RR} 21... Qa8 22. Qxa8+ Bxa8 23. Bc3) 22. e4 e5 23. b5 Qa8 24. Qxa8 Bxa8 25. d5 ({RR} 25. dxe5 dxe5 26. Nf1 Nc7 27. Ne3 Ne6 28. Nd5 Nd4 29. Bf1) 25... Bb7 26. g3 f6 27. f4 ({RR} 27. Bf1 Kf7 28. Bh3 Ke7) 27... Kf7 28. Bg4 Nf8 {Grischuk,A (2710)-Leko,P (2749) Wijk aan Zee 2005 CBM 105 [Golod,Vitali] ½-½ (63)}) 14... dxc5 ({RR} 14... bxc5 15. b5 a4 16. Nd2 e5 17. Qc2 Nb6 18. Rac1 Rd8 19. Bf1 Qe6 20. h3 Nbd7 21. Re1 e4) ({RR} 14... axb4 15. axb4 dxc5) 15. b5 Rd8 16. Rd3 $146 ({RR} 16. Rd2 Nf8 17. Rad1 Ne8 18. Rxd8 Rxd8 19. Rxd8 Qxd8 20. Nd2 {½-½ (20) Shipov,S (2582)-Kunte,A (2561) Guelph 2005}) 16... Be4 17. Rd2 Ne8 18. Rad1 f6 19. h3 Nf8 20. Nh2 Nd6 21. Nf1 Bb7 22. Ng3 Ne4 23. Nxe4 Bxe4 24. Bg4 Kf7 25. h4 Ke8 26. Bh5+ Ng6 27. f3 Bb7 28. Qc2 Kf7 29. Rd3 Qc7 30. Bc3 e5 31. Kf2 e4 32. fxe4 Ke7 33. Bxg6 hxg6 34. e5 fxe5 35. Rxd8 Rxd8 36. Rxd8 Qxd8 37. Qxg6 Qf8+ 38. Kg3 Qf6 39. Qh5 Kd6 40. Qe8 Be4 41. Qb8+ Kd7 42. Qxe5 Qxe5+ 43. Bxe5 g6 44. Bf6 a4 45. Be5 Bd3 46. Kf4 Bxc4 47. Kg5 Ke6 48. Bc7 Kf7 49. Bxb6 Bxb5 50. Bxc5 Bf1 51. g4 Bd3 52. Kf4 Ke6 53. e4 Be2 54. Bd4 Bd1 55. Bh8 Be2 56. Kg5 Kf7 57. h5 gxh5 58. gxh5 Bf3 59. e5 Ke6 60. Bf6 Be4 61. Kf4 Bc2 62. h6 Kd5 63. Ke3 Bg6 64. Kd2 Ke6 65. Kc3 Kd7 66. Kb4 Bc2 67. Kb5 Ke6 68. Kc6 Bg6 69. Kc7 Bf5 70. Kd8 Kf7 71. Bg7 Bg6 72. Kd7 Bf5+ 73. Kd6 Bg4 74. Bf6 Bf5 75. Bg5 Bg4 76. Bf4 Bf5 77. e6+ Bxe6 78. h7 Kg7 79. Kxe6 Kxh7 80. Kd5 Kg6 81. Kc6 Kf5 82. Kd5 1-0

[Event "Moscow Tal Memorial 8th"]
[Site "Moscow"]
[Date "2013.06.18"]
[Round "5"]
[White "Carlsen, Magnus"]
[Black "Anand, Viswanathan"]
[Result "1-0"]
[WhiteElo "2864"]
[BlackElo "2786"]
[Annotator "Krasenkow,Michal"]
[PlyCount "57"]
[EventDate "2013.06.13"]
[EventType "tourn"]
[EventRounds "9"]
[EventCountry "RUS"]
[EventCategory "22"]
[SourceTitle "CBM 155"]
[Source "ChessBase"]
[SourceDate "2013.07.16"]
[SourceVersion "1"]
[SourceVersionDate "2013.07.16"]
[SourceQuality "1"]

1. d4 {Ftacnik,Lubomir Milov,Vadim} Nf6 2. c4 e6 3. Nc3 Bb4 4. e3 O-O 5. Nge2 d5 6. a3 Be7 7. cxd5 Nxd5 8. Bd2 Nd7 9. g3 b6 {Alternatives seen in practice:} (9... N7f6) (9... N5f6) (9... N5b6) (9... Nxc3) 10. Nxd5 exd5 11. Bg2 Bb7 {[%csl Rb7] The bishop will be passive here.} (11... Nf6 12. O-O Bf5 {This is a better square for the bishop.} (12... Bb7 13. Bb4 {was probably the best of all} (13. Qc2 Bd6 (13... a5 $5) 14. Bb4 a5 15. Bxd6 Qxd6 16. Rac1 c6 17. Rfd1 Rac8 18. Nc3 g6 {1/2 (25) Bischoff,K (2561)-Tischbierek,R (2507) Austria 2004} 19. Qb3 $14) (13. Rc1 Qd7 (13... a5 {again was appropriate}) 14. Qc2 Bd6 15. Bb4 Bxb4 16. axb4 c6 17. Nf4 a6 18. Qc3 Qd6 19. f3 Rfe8 20. Rfe1 Rad8 21. Rcd1 Nd7 22. e4 $14 {0-1 (44) Janssen,R (2484)-Tiviakov,S (2601) Dieren 2004})) (12... Ne4 13. Rc1 Bb7 (13... Bf5 $5) 14. Qc2 Rc8 15. Rfd1 Bd6 16. Bb4 $5 Qf6 17. Nc3 Nxc3 18. Qxc3 c6 19. Bxd6 Qxd6 20. b4 Rc7 21. a4 Bc8 22. a5 Ba6 23. Ra1 $14 {1-0 (38) Ponomariov,R (2734)-Kramnik,V (2807) Wijk aan Zee 2003 CBM 093 [Ftacnik,L]}) 13. Bb4 (13. Nf4 Qd7 14. Qb3 Rfd8 15. Rac1 Rac8 16. Rfd1 a5 17. Be1 a4 18. Qc3 c6 19. Qd2 Bd6 20. Qe2 Bxf4 21. exf4 Bh3 $11 {1/2 (26) Grigoriants,S (2594)-Wells,P (2499) Dresden 2007}) 13... a5 14. Bxe7 Qxe7 15. Rc1 h6 16. Nc3 Qd7 17. Re1 Rfe8 18. Qb3 Rad8 19. Qb5 Qd6 20. Qb3 Qd7 21. Qb5 Qd6 22. Qe2 Qd7 23. Qb5 {1/2 (23) Martinovic,S (2515)-Papp,G (2534) Chur 2010}) ({RR} 11... Nf6 12. O-O Ne4 13. Rc1 Bb7 ({RR} 13... Bf5 14. Nf4 Re8 15. Bb4) 14. Qc2 Rc8 ({RR} 14... Nxd2 15. Qxd2 Re8 16. Nf4 c6) 15. Rfd1 Bd6 16. Bb4 Qf6 ({RR} 16... c5 17. dxc5 bxc5 18. Be1 Qe7 19. Nc3) ({RR} 16... Bxb4 17. axb4 Qd6 18. b5 a5 19. bxa6 Bxa6 20. Nf4) 17. Nc3 Nxc3 ({RR} 17... Bxb4 18. axb4) ({RR} 17... c5 18. dxc5 Bxc5 ({RR} 18... bxc5 19. Ba5 ({RR} 19. Nxe4 dxe4 20. Bc3 Qe6) 19... Qe6 20. Qb3) 19. Bh3 Rc7 20. Qe2 Rd8) 18. Qxc3 ({RR} 18. bxc3 Ba8 19. Bxd6 Qxd6) 18... c6 ({RR} 18... c5 19. dxc5 Be5 ({RR} 19... Qxc3 20. Bxc3 Rxc5 21. e4 Rfc8 22. exd5) 20. Qb3 Rfd8 21. Bc3) 19. Bxd6 Qxd6 20. b4 Rc7 21. a4 ({RR} 21. b5 Rfc8 ({RR} 21... c5 22. dxc5 Rxc5 ({RR} 22... bxc5 23. Bxd5 Bxd5 24. e4) 23. Qd3 Rd8) 22. Bh3 Re8 23. bxc6 Rxc6 24. Qb4) 21... Bc8 22. a5 ({RR} 22. b5 Bg4 23. Re1 Rfc8) 22... Ba6 23. Ra1 Bb5 ({RR} 23... Bc4 24. axb6 axb6 25. Bf1 ({RR} 25. e4 Re8 26. Re1 Rce7) 25... b5 26. Ra6) 24. Rdc1 Re8 25. axb6 axb6 26. Bf1 {Ponomariov,R (2734)-Kramnik,V (2807) Wijk aan Zee 2003 CBM 093 [Ftacnik,Lubomir] 1-0 (38)} ({RR} 26. Ra3 h6 27. Rca1 Rce7 28. Bf1)) ({RR} 11... c6 12. Rc1 Bb7 13. O-O Nf6 14. Bb4) 12. Bb4 $146 {[%mdl 32] White decides to get rid of his passive bishop at once, not giving Black a chance to prevent this exchange by means of ...a7-a5.} (12. O-O Re8 (12... a5 $5 13. Qc2 Nf6) ({RR} 12... Nf6 13. Rc1 Ne4) 13. Qc2 Bd6 14. Rac1 Qe7 15. Nc3 Nf6 ({RR} 15... c6 16. e4 dxe4 17. Nxe4 Bc7 18. Rfe1) 16. Nb5 c6 ({RR} 16... Ne4 17. Rfd1) 17. Nxd6 Qxd6 18. f3 Nd7 19. Rfe1 c5 20. Bc3 $14 {1-0 (45) Milov,V (2632)-Cheparinov,I (2550) Dos Hermanas 2004 CBM 099 ext [Milov,V]}) ({RR} 12. O-O Re8 13. Qc2 Bd6 14. Rac1 Qe7 15. Nc3 Nf6 16. Nb5 c6 17. Nxd6 Qxd6 18. f3 Nd7 19. Rfe1 c5 20. Bc3 Re7 21. b4 cxd4 22. Bxd4 Ne5 23. Qc3 f6 24. f4 Nf7 ({RR} 24... Nc4 25. e4) 25. Qb3 ({RR} 25. a4 Rc8 26. Qb3 Rec7 27. Rxc7 Rxc7 28. a5 Rc4 29. Rb1 Nd8 30. axb6 axb6 31. Qa4) 25... Qe6 26. a4 Nd6 {Milov,V (2632)-Cheparinov,I (2550) Dos Hermanas 2004 CBM 099 Extra [Milov,Vadim] 1-0 (45)}) 12... Nf6 (12... c5 13. dxc5 bxc5 14. Bc3 Nf6 15. O-O {[%cal Yb2b4]} Ne4 16. Nf4 $5 $14) 13. O-O Re8 14. Rc1 c6 (14... Bxb4 $5 15. axb4 c6 {makes sense after White has removed his rook from a1}) 15. Bxe7 Rxe7 16. Re1 Qd6 17. Nf4 $14 Bc8 $6 {This idea to improve the position of the bishop simply doesn't work. Alas, Black shouls defend passively, e.g.} (17... Rc7) 18. Qa4 Rc7 {It was probably better for Black to admit his mistake and play} (18... Bb7) 19. f3 $1 Be6 20. e4 dxe4 $6 ({The position after} 20... Qd7 21. Nxe6 Qxe6 22. e5 Ne8 23. f4 {[%csl Ge5,Gf4] is difficult for Black, according to GM A.Korotylev, but the text move is even worse.}) 21. fxe4 Qd7 (21... b5 22. Qd1 Qd7 23. e5 Nd5 24. Nd3 $16 {[%cal Yd3c5] A.Korotylev}) 22. d5 $1 cxd5 23. Qxd7 Rxd7 24. Nxe6 $1 fxe6 25. Bh3 $1 Kh8 26. e5 Ng8 27. Bxe6 Rdd8 ({After} 27... Re7 28. Bxd5 Rd8 {White should convert his extra pawn but it was more stubborn than allowing White's rook to invade the 7th rank.}) 28. Rc7 d4 29. Bd7 $1 {Black decided that further resistance was senseless.} ({In the event of} 29. Bd7 Ne7 30. Rd1 Nd5 31. Rb7 Rdb8 32. Rxb8+ Rxb8 33. Rxd4 Ne7 34. Bb5 {White wins a pawn, and his rook again breaks to the 7nd rank.}) 1-0

[Event "Grand Slam Final 4th"]
[Site "Sao Paulo/Bilbao"]
[Date "2011.10.06"]
[Round "6"]
[White "Carlsen, Magnus"]
[Black "Anand, Viswanathan"]
[Result "1/2-1/2"]
[WhiteElo "2823"]
[BlackElo "2817"]
[Annotator "Edouard,Romain"]
[PlyCount "98"]
[EventDate "2011.09.26"]
[EventType "tourn"]
[EventRounds "10"]
[EventCountry "BRA"]
[EventCategory "22"]
[SourceTitle "CBM 145"]
[Source "ChessBase"]
[SourceDate "2011.11.11"]
[SourceVersion "1"]
[SourceVersionDate "2011.11.11"]
[SourceQuality "1"]

1. d4 {RR Kostakiev,Dimitar} Nf6 2. c4 e6 3. Nc3 Bb4 4. Nf3 b6 5. Qc2 Bb7 6. a3 Bxc3+ 7. Qxc3 O-O 8. Bg5 d6 9. Nd2 Nbd7 10. f3 h6 11. Bh4 Rc8 12. e4 c5 13. Bd3 d5 ({RR} 13... cxd4 14. Qxd4 Ne5 15. Be2 ({RR} 15. O-O Ng6 16. Bf2 Qe7 17. Rfe1 Rfd8 18. Bf1 Nd7 19. a4 a5) 15... Ng6 16. Bxf6 Qxf6 17. Qxf6 gxf6 18. g3 d5 19. exd5 exd5 20. Kf2 Ne5 ({RR} 20... Rfd8 {RR} 21. Rhd1 Ne5 22. b3 dxc4 23. Nxc4 Bd5 24. Nd2 Be6 25. Ne4 Bxb3 26. Nxf6+ Kg7 27. Nh5+ Kf8) 21. cxd5 {RR} Bxd5 22. Rac1 Rfd8 23. Rhd1 Be6 24. Ne4 Kg7) ({RR} 13... Nxe4 14. Bxe4 Qxh4+ 15. g3) ({RR} 13... cxd4 14. Qxd4 Nc5 15. Be2 e5 16. Qf2 Ne6 17. O-O g5 18. Bg3 Nd4 19. Rfd1 Nh5 20. Bd3 Nf4 21. Qf1 Qf6 22. Bf2 Nde6 23. Bc2 Qg6 24. g3 Nh5 25. Qe2 g4 26. fxg4 Nf6 27. h3 Ng5 28. Kh2 {Carlsen,M (2826)-Karjakin,S (2763) Moscow 2011 CBM 146 [RR] ½-½ (67)}) 14. exd5 ({RR} 14. e5 g5 ({RR} 14... Ne4 15. Bxd8 ({RR} 15. Nxe4 Qxh4+ 16. g3 Qh5 17. Nd6 cxd4 18. Qxd4 Qxe5+ 19. Qxe5 Nxe5) 15... Nxc3 16. Be7 Rfe8 17. bxc3 ({RR} 17. Bd6 dxc4 18. Nxc4 Nd5) 17... Rxe7 18. cxd5 Bxd5) 15. Bf2 dxc4 16. Bxc4 Nd5) ({RR} 14. Bg3 dxe4 15. Nxe4 Nxe4 16. Bxe4 Bxe4 17. fxe4 Nf6) ({RR} 14. dxc5 Nxe4 15. Nxe4 Qxh4+ 16. g3 Qe7 17. Nd6 Rxc5 18. Nxb7 Rc7) 14... exd5 15. O-O ({RR} 15. cxd5 Re8+ 16. Kf1 g5 17. Bf2 Nxd5) 15... dxc4 ({RR} 15... cxd4 16. Qxd4 Nc5 17. Bxf6 ({RR} 17. Bf5 Ne6 ({RR} 17... dxc4 18. Bxf6 Qxf6 19. Qxf6 gxf6 20. Bxc8) 18. Bxe6 fxe6 19. Rad1 ({RR} 19. Rfe1) 19... Qc7) 17... Qxf6 18. Qxf6 gxf6 19. Bf5 Rcd8 20. Rfe1 ({RR} 20. b4 dxc4 21. Nxc4 Nb3 22. Rae1 Ba6) 20... Ba6 ({RR} 20... d4 21. Re7) 21. Rac1 ({RR} 21. Re7 dxc4 22. Ne4 Nxe4 23. Bxe4 Rfe8 24. Rxa7 Bc8 25. Rc7 f5 26. Bc2 b5) 21... dxc4 22. Nxc4 Nb3 ({RR} 22... Rd5 23. Bb1 Rfd8) 23. Rc3 Nd4 24. Bh3 ({RR} 24. Bb1 Rfe8 25. Kf2 Rxe1 26. Kxe1 Re8+) ({RR} 24. Bd3 Nb5 ({RR} 24... b5 25. Ne3 b4 26. Bxa6 bxc3 27. bxc3) 25. Rb3 Nd4 26. Rc3 Nb5) 24... Rfe8 25. Kf2 Rxe1 26. Kxe1 Re8+ 27. Kd2 Ne2 ({RR} 27... Rd8 28. Ke3) ({RR} 27... f5 28. Ne3 f4 29. Nc2) 28. Re3 ({RR} 28. Rc2 Nf4) 28... Rd8+ 29. Kxe2 Bxc4+ 30. Ke1 {Kasparov,G (2825)-Kramnik,V (2790) Linares 1998 CBM 064 [Kostakiev,Dimitar] ½-½ (52)}) ({RR} 15... Qc7 16. Bg3 Qc6 17. Rac1 Rfd8 18. Bf5 g6 19. Bh3 Nh5 20. Rfd1 f5 21. Qe3 Qf6 22. dxc5 Kh7 23. cxd5 Nxg3 24. hxg3 Nxc5 25. b4 Na4 26. Rxc8 Rxc8 27. Re1 Bxd5 28. g4 f4 29. Qe7+ Qxe7 30. Rxe7+ {Aliyev,R (2341)-Iniyan,P (2509) Mumbai 2019 0-1 (40)}) 16. Bxc4 $146 {Both a novelty and the computer's first choice!} (16. Nxc4 cxd4 17. Qxd4 Nc5 {was just equal in Van Wely-Leko (2008).}) ({RR} 16. Nxc4 cxd4 17. Qxd4 Nc5 18. Bxf6 Qxd4+ 19. Bxd4 Nxd3 20. Rfd1 Rxc4 21. Rxd3 Rd8 {½-½ (21) Hoang,T (2420)-Chiburdanidze,M (2497) Bled 2002}) ({RR} 16. Nxc4 cxd4) ({RR} 16. Nxc4 cxd4 17. Qxd4 Nc5 18. Qxd8 Rcxd8 19. Be2 Rfe8 20. Rfe1 g5 21. Bg3 Nh5 22. Bf2 Nf4 23. Bf1 Ncd3 24. Rxe8+ Rxe8 25. Rd1 Nxf2 26. Kxf2 Bc8 27. g3 {½-½ (27) Van Wely,L (2681)-Leko,P (2753) Wijk aan Zee 2008}) 16... cxd4 17. Qxd4 Nc5 ({RR} 17... Re8) 18. Bxf6 Qxf6 19. Qxf6 gxf6 20. Rfd1 (20. Rfe1 {is no improvement after} Rfd8 21. Nf1 Na4 22. b3 Nb2 23. Re7 Nxc4 24. Rxb7 Nd2) 20... Na4 $1 21. Rab1 Rfd8 22. Bb5 Bc6 23. Be2 Bd5 24. Nf1 Be6 25. Ne3 f5 (25... Bb3 {is a different route with the same destination.} 26. Rd3 (26. Rxd8+ Rxd8) 26... Rxd3 27. Bxd3 Ba2 28. Ra1 Be6) 26. g3 Kg7 27. Kf2 Kf6 28. Ba6 Rb8 29. b4 Nc3 30. Rxd8 Rxd8 31. Rc1 Nd5 32. Ng2 (32. Rd1 Ke7 33. Nxd5+ Rxd5 34. Rxd5 Bxd5 {should just be a draw, as Black has not enough weaknesses.}) (32. Nxd5+ Rxd5 33. Ke3 Rd7 {should also be nothing special, though White stands a little bit better.}) 32... Rd7 33. Rc2 Rc7 34. Ne3 Rxc2+ 35. Nxc2 f4 36. Nd4 Bd7 37. Ke2 fxg3 38. hxg3 Ne7 39. Ke3 Nf5+ 40. Nxf5 Kxf5 41. Kd4 Ke6 42. Bc4+ Ke7 43. f4 f6 44. Bd5 Kd6 45. Bf3 Be6 46. Ba8 Bf5 47. Bf3 Be6 48. Ba8 Bf5 49. Bf3 Be6 1/2-1/2

[Event "Candidates sf"]
[Site "Elista"]
[Date "2007.06.03"]
[Round "1.12"]
[White "Carlsen, Magnus"]
[Black "Aronian, Levon"]
[Result "0-1"]
[WhiteElo "2693"]
[BlackElo "2759"]
[PlyCount "114"]
[EventDate "2007.05.27"]
[EventType "k.o."]
[EventRounds "12"]
[EventCountry "RUS"]
[SourceTitle "CBM 119"]
[Source "ChessBase"]
[SourceDate "2007.08.01"]
[SourceVersion "1"]
[SourceVersionDate "2007.08.01"]
[SourceQuality "1"]

1. d4 Nf6 2. c4 e6 3. Nc3 Bb4 4. e3 O-O 5. a3 Bxc3+ 6. bxc3 c5 7. Bd3 Nc6 8. Ne2 b6 9. e4 Ne8 10. O-O Ba6 11. f4 f5 12. e5 d6 13. d5 exd5 14. cxd5 Bxd3 15. Qxd3 dxe5 16. Qd2 ({RR} 16. fxe5 Nxe5 17. Qd1 Qd7 18. Bf4 Ng6 19. Qd3 Nf6 20. Rad1 Rae8 21. Ng3 Nxf4 22. Rxf4 g6 23. h3 Re5 24. c4 Rfe8 25. Rf3 R8e7 26. Qc3 Ne8 27. d6 R7e6 28. Rfd3 Nf6 29. Qd2 Re8 30. a4 Qxa4 {Werle,J (2552)-Carlsen,M (2714) Netherlands 2008 0-1 (39)}) 16... Ne7 17. Rd1 $146 ({RR} 17. c4 Nd6 18. Qc3 Ne4 19. Qxe5 Qd7 20. a4 Rae8 21. Ra3 Nd6 22. Qc3 Nxd5 23. Qd3 Nb4 24. Qd2 Qe6 25. Nd4 Nxc4 26. Nxe6 Nxd2 27. Nxf8 Nxf1 28. Kxf1 Kxf8 29. a5 Nc2 {0-1 (29) Herrera,J (2285)-Garcia Pantoja,R (2481) Medellin 2017}) 17... Ng6 18. fxe5 Nxe5 19. Nf4 Rf7 20. Qe2 Ng6 21. Ne6 Qd7 22. c4 Nd6 23. Bb2 Re8 24. Qh5 Nf8 25. Ng5 Rfe7 26. Rac1 Re2 27. Bc3 R2e7 28. Rf1 h6 29. Nh3 Re4 30. Nf4 Qf7 31. Qh3 Rxc4 32. Nh5 Ne4 33. Bxg7 Ng5 34. Qb3 Rxc1 35. Nf6+ Kxg7 36. Nxe8+ Qxe8 37. Qb2+ Kg6 38. Qxc1 Qe5 39. Rd1 Ne4 40. Qe3 Nd7 41. d6 h5 42. Qb3 c4 43. Qxc4 Qc5+ 44. Qxc5 bxc5 45. Rb1 Kf6 46. Rb7 Ke6 47. Rxa7 Kxd6 48. Kf1 c4 49. Ke2 c3 50. Ra6+ Kd5 51. Kd1 Ne5 52. Ra5+ Kd4 53. Kc2 Nc4 54. Ra8 Ne3+ 55. Kb3 Nc5+ 56. Ka2 c2 57. Rd8+ Kc3 0-1